Highest Grossing Movie From Every Main Franchise - Statistics

General Stats
  • This quiz has been taken 9 times
  • The average score is 16 of 30
Answer Stats
Franchise Grossed ($) Movie % Correct
Avatar $2.924 billion Avatar
89%
Marvel (MCU) $2.798 billion Avengers: Endgame
89%
Spider-Man $1.928 billion Spider-Man: No Way Home
89%
Ghostbusters $296.6 million Ghostbusters (1984)
78%
John Wick $447.3 million John Wick: Chapter 4
78%
James Bond $1.108 billion Skyfall
78%
Terminator $520.9 million Terminator 2: Judgement Day
78%
Batman $1.085 billion The Dark Knight Rises
78%
Harry Potter $1.343 billion Harry Potter and the Deathly Hallows - Part 2
67%
Jurassic Park/World $1.672 billion Jurassic World
67%
Mad Max $380.4 million Mad Max: Fury Road
67%
Rocky $300.4 million Rocky IV
67%
Star Wars $2.071 billion Star Wars: Episode VII - The Force Awakens
67%
X-Men $1.338 billion Deadpool & Wolverine
56%
Fast & Furious $1.515 billion Furious 7
56%
Lord of the Rings $1.156 billion The Lord of the Rings: The Return of the King
56%
Matrix $741.8 million The Matrix Reloaded
56%
Indiana Jones $786.6 million Indiana Jones and the Kingdom of the Crystal Skull
44%
Pirates of the Caribbean $1.066 billion Pirates of the Caribbean: Dead Man’s Chest
44%
Bourne $444 million The Bourne Ultimatum
44%
MiyagiVerse (Karate) $359.1 million The Karate Kid (2010)
44%
DC Universe $1.152 billion Aquaman
33%
Mission: Impossible $791.7 million Mission: Imposible - Fallout
33%
Transformers $1.123 billion Transformers: Dark of the Moon
33%
Alien $403.4 million Prometheus
22%
Hunger Games $865 million The Hunger Games: Catching Fire
22%
Die Hard $366.1 million Die Hard with a Vengeance
11%
MonsterVerse $571.9 million Godzilla x Kong: The New Empire
11%
Star Trek $467.3 million Star Trek Into Darkness
11%
Narnia $745 million The Chronicles of Narnia: The Lion, the Witch and the Wardrobe
0%
No matching quizzes found
Score Distribution
Percent of People with Each Score
Percentile by Number Answered
Your Score History
You have not taken this quiz